000 00476nmm a2200157Ia 4500
008 251105s9999||||xx |||||||||||||||||und||
020 _a9789580613329
041 _aspa
100 _aYamhure, Ernesto
245 0 _aMagistrado en la mira : detalles desconocidos del proceso contra Jorge Pretelt
264 _a[Bogotá, Colombia] :
_bOveja Negra,
_c2016
300 _a176 páginas
650 _aLaw
856 _uhttps://public.digitaliapublishing.com/a/40725
942 _cCF
999 _c94975
_d94975